000 00400nam a2200157Ia 4500
005 20251020182600.0
008 200515s9999 xx 000 0 und d
082 _aSC/331.9/036
110 _aOficina Internacional del Trabajo
245 0 _aConvenios y recomendaciones sobre trabajo marĂ­timo
260 _aGinebra
260 _c1983
300 _a208
650 _aTRABAJO MARITIMO
942 _cLIB
999 _c3031
_d3031